[Event "DEM U14w 2024"]
[Site "Willingen GER"]
[Date "2024.05.22"]
[Round "6"]
[White "Fischermann, Charlotte"]
[Black "Färber, Anna"]
[Result "1/2-1/2"]
[Termination "normal"]
[Board "7"]
[WhiteElo "1622"]
[BlackElo "1661"]
[WhiteClock "00:30:46"]
[BlackClock "00:29:05"]
[PlyCount "67"]
[WhiteFideId "34619690"]
[BlackFideId "34633480"]
[EventCountry "GER"]
[EventRounds "9"]
[EventType "swiss"]
[EventDate "2024.05.18"]

1. e4 {[%clk 01:30:57]} {[%emt 00:00:03]} e6 {[%clk 01:30:55]} {[%emt
00:00:05]} 2. d4 {[%clk 01:31:19]} {[%emt 00:00:09]} d5 {[%clk 01:31:20]}
{[%emt 00:00:04]} 3. Nc3 {[%clk 01:31:41]} {[%emt 00:00:09]} Bb4 {[%clk
01:31:41]} {[%emt 00:00:08]} 4. exd5 {[%clk 01:31:56]} {[%emt 00:00:16]} exd5
{[%clk 01:32:03]} {[%emt 00:00:08]} 5. Bd3 {[%clk 01:32:00]} {[%emt 00:00:25]}
Nf6 {[%clk 01:31:47]} {[%emt 00:00:47]} 6. Nge2 {[%clk 01:30:09]} {[%emt
00:02:21]} c6 {[%clk 01:30:26]} {[%emt 00:01:50]} 7. Ng3 {[%clk 01:26:47]}
{[%emt 00:03:53]} O-O {[%clk 01:25:53]} {[%emt 00:05:03]} 8. O-O {[%clk
01:24:12]} {[%emt 00:03:05]} Bd6 {[%clk 01:21:16]} {[%emt 00:05:07]} 9. Nf5
{[%clk 01:22:40]} {[%emt 00:02:01]} Bxf5 {[%clk 01:19:45]} {[%emt 00:02:02]}
10. Bxf5 {[%clk 01:22:58]} {[%emt 00:00:12]} Qc7 {[%clk 01:19:44]} {[%emt
00:00:31]} 11. g3 {[%clk 01:22:08]} {[%emt 00:01:19]} Nbd7 {[%clk 01:19:19]}
{[%emt 00:00:55]} 12. Bg5 {[%clk 01:19:22]} {[%emt 00:03:16]} Rfe8 {[%clk
01:17:06]} {[%emt 00:02:44]} 13. Qd2 {[%clk 01:14:12]} {[%emt 00:05:37]} h6
{[%clk 01:12:24]} {[%emt 00:05:15]} 14. Bxf6 {[%clk 01:09:48]} {[%emt
00:04:54]} Nxf6 {[%clk 01:12:38]} {[%emt 00:00:15]} 15. Rfe1 {[%clk 01:09:32]}
{[%emt 00:00:46]} Qb6 {[%clk 01:10:11]} {[%emt 00:02:58]} 16. Na4 {[%clk
01:05:25]} {[%emt 00:04:36]} Qc7 {[%clk 01:04:13]} {[%emt 00:06:29]} 17. a3
{[%clk 01:01:47]} {[%emt 00:04:06]} Nd7 {[%clk 01:01:10]} {[%emt 00:03:34]} 18.
Rxe8+ {[%clk 00:56:50]} {[%emt 00:05:28]} Rxe8 {[%clk 01:01:26]} {[%emt
00:00:14]} 19. Re1 {[%clk 00:56:29]} {[%emt 00:00:51]} Rxe1+ {[%clk 00:57:45]}
{[%emt 00:04:11]} 20. Qxe1 {[%clk 00:56:50]} {[%emt 00:00:09]} Nf6 {[%clk
00:57:17]} {[%emt 00:00:57]} 21. Nc5 {[%clk 00:54:10]} {[%emt 00:03:10]} Bxc5
{[%clk 00:54:14]} {[%emt 00:03:34]} 22. dxc5 {[%clk 00:54:33]} {[%emt
00:00:07]} Kf8 {[%clk 00:53:14]} {[%emt 00:01:30]} 23. h3 {[%clk 00:48:07]}
{[%emt 00:06:56]} Nd7 {[%clk 00:49:19]} {[%emt 00:04:25]} 24. b4 {[%clk
00:43:02]} {[%emt 00:05:33]} Ne5 {[%clk 00:48:43]} {[%emt 00:01:07]} 25. Kg2
{[%clk 00:41:39]} {[%emt 00:01:52]} Nc4 {[%clk 00:43:08]} {[%emt 00:06:06]} 26.
Qc3 {[%clk 00:40:29]} {[%emt 00:01:38]} Qe7 {[%clk 00:40:35]} {[%emt 00:03:05]}
27. Bd3 {[%clk 00:36:49]} {[%emt 00:04:09]} Ne5 {[%clk 00:40:10]} {[%emt
00:00:56]} 28. Qd4 {[%clk 00:35:58]} {[%emt 00:01:20]} Nd7 {[%clk 00:34:08]}
{[%emt 00:06:33]} 29. c4 {[%clk 00:34:56]} {[%emt 00:01:32]} Nf6 {[%clk
00:30:24]} {[%emt 00:04:14]} 30. cxd5 {[%clk 00:34:42]} {[%emt 00:00:45]} Nxd5
{[%clk 00:30:49]} {[%emt 00:00:05]} 31. Bc4 {[%clk 00:34:32]} {[%emt 00:00:40]}
Nf6 {[%clk 00:31:03]} {[%emt 00:00:16]} 32. Kf3 {[%clk 00:32:11]} {[%emt
00:05:54]} Nd7 {[%clk 00:30:05]} {[%emt 00:00:09]} 33. Kg2 {[%clk 00:30:39]}
{[%emt 00:00:17]} Nf6 {[%clk 00:29:05]} {[%emt 00:01:31]} 34. Kf3 {[%clk
00:30:46]} {[%emt 00:00:23]} 1/2-1/2

[Event "DEM U14w 2024"]
[Site "Willingen GER"]
[Date "2024.05.22"]
[Round "6"]
[White "Ignatova, Gabriela"]
[Black "Kutz, Ida Klara"]
[Result "1/2-1/2"]
[Termination "normal"]
[Board "8"]
[WhiteElo "1552"]
[BlackElo "1690"]
[WhiteClock "00:19:58"]
[BlackClock "00:11:32"]
[PlyCount "103"]
[WhiteFideId "34623698"]
[BlackFideId "16296257"]
[EventCountry "GER"]
[EventRounds "9"]
[EventType "swiss"]
[EventDate "2024.05.18"]

1. e4 {[%clk 01:30:56]} {[%emt 00:00:03]} g6 {[%clk 01:30:54]} {[%emt
00:00:06]} 2. f4 {[%clk 01:31:22]} {[%emt 00:00:05]} Bg7 {[%clk 01:31:07]}
{[%emt 00:00:17]} 3. Nf3 {[%clk 01:31:43]} {[%emt 00:00:09]} d6 {[%clk
01:31:27]} {[%emt 00:00:09]} 4. Bc4 {[%clk 01:32:01]} {[%emt 00:00:12]} Nf6
{[%clk 01:31:40]} {[%emt 00:00:18]} 5. d3 {[%clk 01:32:22]} {[%emt 00:00:09]}
c6 {[%clk 01:31:51]} {[%emt 00:00:18]} 6. Bb3 {[%clk 01:32:38]} {[%emt
00:00:15]} b5 {[%clk 01:32:12]} {[%emt 00:00:09]} 7. a4 {[%clk 01:32:34]}
{[%emt 00:00:34]} a5 {[%clk 01:31:40]} {[%emt 00:01:02]} 8. axb5 {[%clk
01:30:24]} {[%emt 00:02:41]} cxb5 {[%clk 01:31:58]} {[%emt 00:00:11]} 9. Nc3
{[%clk 01:30:10]} {[%emt 00:00:43]} Bd7 {[%clk 01:30:52]} {[%emt 00:01:36]} 10.
Bd2 {[%clk 01:29:06]} {[%emt 00:01:34]} Qb6 {[%clk 01:28:47]} {[%emt 00:02:35]}
11. d4 {[%clk 01:20:32]} {[%emt 00:09:04]} a4 {[%clk 01:26:10]} {[%emt
00:03:07]} 12. O-O {[%clk 01:11:02]} {[%emt 00:10:00]} O-O {[%clk 01:24:49]}
{[%emt 00:01:51]} 13. Kh1 {[%clk 01:10:36]} {[%emt 00:00:56]} Nc6 {[%clk
01:19:25]} {[%emt 00:05:54]} 14. Ba2 {[%clk 01:06:00]} {[%emt 00:05:05]} b4
{[%clk 01:13:50]} {[%emt 00:06:06]} 15. Nxa4 {[%clk 01:00:11]} {[%emt
00:06:19]} Rxa4 {[%clk 01:12:57]} {[%emt 00:01:23]} 16. Bxf7+ {[%clk 01:00:36]}
{[%emt 00:00:06]} Rxf7 {[%clk 01:13:18]} {[%emt 00:00:08]} 17. Rxa4 {[%clk
01:01:02]} {[%emt 00:00:05]} Nxe4 {[%clk 01:13:25]} {[%emt 00:00:23]} 18. Qe1
{[%clk 00:56:16]} {[%emt 00:05:15]} Nxd2 {[%clk 00:53:47]} {[%emt 00:20:08]}
19. Qxd2 {[%clk 00:54:47]} {[%emt 00:01:59]} Nxd4 {[%clk 00:52:51]} {[%emt
00:01:27]} 20. Rxb4 {[%clk 00:53:39]} {[%emt 00:01:38]} Nxf3 {[%clk 00:48:19]}
{[%emt 00:05:02]} 21. Rxf3 {[%clk 00:53:32]} {[%emt 00:00:36]} Qa6 {[%clk
00:47:21]} {[%emt 00:01:29]} 22. h3 {[%clk 00:51:41]} {[%emt 00:02:19]} Bxb2
{[%clk 00:41:59]} {[%emt 00:05:53]} 23. c3 {[%clk 00:45:10]} {[%emt 00:07:02]}
Qa1+ {[%clk 00:37:04]} {[%emt 00:05:24]} 24. Kh2 {[%clk 00:44:47]} {[%emt
00:00:52]} Bc6 {[%clk 00:36:57]} {[%emt 00:00:38]} 25. Re3 {[%clk 00:31:15]}
{[%emt 00:14:02]} Bc1 {[%clk 00:27:48]} {[%emt 00:09:39]} 26. Qd1 {[%clk
00:31:13]} {[%emt 00:00:33]} Qa3 {[%clk 00:21:22]} {[%emt 00:06:56]} 27. Rb3
{[%clk 00:30:30]} {[%emt 00:01:13]} Qxb3 {[%clk 00:16:03]} {[%emt 00:05:48]}
28. Qxb3 {[%clk 00:28:54]} {[%emt 00:02:07]} Bxe3 {[%clk 00:16:24]} {[%emt
00:00:09]} 29. Qe6 {[%clk 00:28:57]} {[%emt 00:00:25]} Bxf4+ {[%clk 00:14:45]}
{[%emt 00:02:10]} 30. g3 {[%clk 00:28:56]} {[%emt 00:00:31]} Bxg3+ {[%clk
00:13:42]} {[%emt 00:01:33]} 31. Kxg3 {[%clk 00:29:17]} {[%emt 00:00:09]} Kg7
{[%clk 00:13:20]} {[%emt 00:00:52]} 32. Qc4 {[%clk 00:26:27]} {[%emt 00:03:21]}
Rf3+ {[%clk 00:12:29]} {[%emt 00:01:22]} 33. Kh2 {[%clk 00:25:38]} {[%emt
00:01:14]} Bd7 {[%clk 00:10:05]} {[%emt 00:02:58]} 34. Qd4+ {[%clk 00:20:52]}
{[%emt 00:05:15]} Rf6 {[%clk 00:09:52]} {[%emt 00:00:43]} 35. Qa7 {[%clk
00:19:48]} {[%emt 00:01:34]} Be6 {[%clk 00:05:47]} {[%emt 00:04:35]} 36. Qxe7+
{[%clk 00:17:50]} {[%emt 00:02:29]} Bf7 {[%clk 00:06:10]} {[%emt 00:00:07]} 37.
Qa7 {[%clk 00:14:49]} {[%emt 00:05:32]} d5 {[%clk 00:03:12]} {[%emt 00:01:28]}
38. Qd4 {[%clk 00:13:26]} {[%emt 00:01:53]} Be6 {[%clk 00:02:38]} {[%emt
00:01:03]} 39. h4 {[%clk 00:12:58]} {[%emt 00:00:57]} Kf7 {[%clk 00:02:05]}
{[%emt 00:04:29]} 40. Qa7+ {[%clk 00:10:22]} {[%emt 00:00:11]} Kg8 {[%clk
00:02:28]} 41. Qb8+ {[%clk 00:08:40]} {[%emt 00:01:46]} Rf8 {[%clk 00:02:11]}
{[%emt 00:00:48]} 42. Qd6 {[%clk 00:08:27]} {[%emt 00:00:44]} Re8 {[%clk
00:21:32]} {[%emt 00:11:03]} 43. Kg3 {[%clk 00:30:37]} {[%emt 00:08:25]} Bf7
{[%clk 00:19:54]} {[%emt 00:02:07]} 44. Qc5 {[%clk 00:28:17]} {[%emt 00:02:52]}
Re4 {[%clk 00:18:35]} {[%emt 00:01:48]} 45. Qf2 {[%clk 00:26:35]} {[%emt
00:02:11]} Kg7 {[%clk 00:17:04]} {[%emt 00:02:02]} 46. Qb2 {[%clk 00:22:19]}
{[%emt 00:04:44]} Be6 {[%clk 00:14:04]} {[%emt 00:03:32]} 47. c4+ {[%clk
00:22:09]} {[%emt 00:00:40]} Kg8 {[%clk 00:12:43]} {[%emt 00:01:49]} 48. cxd5
{[%clk 00:21:54]} {[%emt 00:00:48]} Bxd5 {[%clk 00:12:50]} {[%emt 00:00:23]}
49. Qb8+ {[%clk 00:21:07]} {[%emt 00:01:16]} Kg7 {[%clk 00:11:32]} {[%emt
00:01:47]} 50. Qc7+ {[%clk 00:19:58]} {[%emt 00:01:41]} Bf7  51. Qc3+ Kg8 52.
Qc8+ 1/2-1/2

[Event "DEM U14w 2024"]
[Site "Willingen GER"]
[Date "2024.05.22"]
[Round "6"]
[White "Prokscha, Charlotte"]
[Black "Gold, Finnja"]
[Result "1-0"]
[Termination "normal"]
[Board "9"]
[WhiteElo "1666"]
[BlackElo "1484"]
[WhiteClock "00:12:27"]
[BlackClock "00:27:55"]
[PlyCount "83"]
[WhiteFideId "34614699"]
[BlackFideId "34660453"]
[EventCountry "GER"]
[EventRounds "9"]
[EventType "swiss"]
[EventDate "2024.05.18"]

1. d4 {[%clk 01:30:39]} {[%emt 00:00:20]} Nf6 {[%clk 01:30:41]} {[%emt
00:00:20]} 2. c4 {[%clk 01:30:40]} {[%emt 00:00:28]} e6 {[%clk 01:30:53]}
{[%emt 00:00:17]} 3. Nf3 {[%clk 01:30:40]} {[%emt 00:00:31]} Bb4+ {[%clk
01:31:05]} {[%emt 00:00:17]} 4. Nc3 {[%clk 01:30:55]} {[%emt 00:00:15]} b6
{[%clk 01:29:52]} {[%emt 00:01:43]} 5. e3 {[%clk 01:29:42]} {[%emt 00:01:43]}
Bb7 {[%clk 01:27:09]} {[%emt 00:03:13]} 6. Be2 {[%clk 01:28:28]} {[%emt
00:01:43]} Ne4 {[%clk 01:26:18]} {[%emt 00:01:23]} 7. Qc2 {[%clk 01:27:51]}
{[%emt 00:01:00]} f5 {[%clk 01:26:02]} {[%emt 00:00:53]} 8. a3 {[%clk
01:25:35]} {[%emt 00:02:46]} Bxc3+ {[%clk 01:26:14]} {[%emt 00:00:18]} 9. bxc3
{[%clk 01:25:58]} {[%emt 00:00:07]} d6 {[%clk 01:24:10]} {[%emt 00:02:33]} 10.
Bb2 {[%clk 01:24:24]} {[%emt 00:02:05]} O-O {[%clk 01:24:12]} {[%emt 00:00:28]}
11. O-O {[%clk 01:24:31]} {[%emt 00:00:23]} Nd7 {[%clk 01:23:07]} {[%emt
00:01:35]} 12. Rad1 {[%clk 01:23:23]} {[%emt 00:01:36]} Qe7 {[%clk 01:22:37]}
{[%emt 00:00:58]} 13. Rfe1 {[%clk 01:05:01]} {[%emt 00:18:56]} Nb8 {[%clk
01:14:32]} {[%emt 00:08:35]} 14. d5 {[%clk 01:02:52]} {[%emt 00:02:40]} Nd7
{[%clk 01:12:35]} {[%emt 00:02:25]} 15. Bf1 {[%clk 00:50:45]} {[%emt 00:12:37]}
Qf7 {[%clk 01:01:21]} {[%emt 00:11:45]} 16. c5 {[%clk 00:40:05]} {[%emt
00:11:10]} Ndxc5 {[%clk 00:49:22]} {[%emt 00:12:29]} 17. c4 {[%clk 00:38:59]}
{[%emt 00:01:35]} exd5 {[%clk 00:48:26]} {[%emt 00:01:26]} 18. cxd5 {[%clk
00:39:18]} {[%emt 00:00:11]} Bxd5 {[%clk 00:48:01]} {[%emt 00:00:54]} 19. Rxd5
{[%clk 00:38:36]} {[%emt 00:01:13]} Kh8 {[%clk 00:44:37]} {[%emt 00:03:55]} 20.
Rdd1 {[%clk 00:37:42]} {[%emt 00:01:21]} Rad8 {[%clk 00:40:34]} {[%emt
00:04:35]} 21. Ba1 {[%clk 00:30:00]} {[%emt 00:08:13]} Nb3 {[%clk 00:37:57]}
{[%emt 00:03:07]} 22. Bxg7+ {[%clk 00:27:31]} {[%emt 00:02:59]} Qxg7 {[%clk
00:37:06]} {[%emt 00:01:20]} 23. Qxb3 {[%clk 00:27:45]} {[%emt 00:00:16]} Rg8
{[%clk 00:36:04]} {[%emt 00:01:32]} 24. g3 {[%clk 00:23:19]} {[%emt 00:04:57]}
Qg4 {[%clk 00:31:41]} {[%emt 00:07:16]} 25. Bg2 {[%clk 00:22:53]} {[%emt
00:00:07]} c5 {[%clk 00:30:40]} {[%emt 00:00:12]} 26. Qb2+ {[%clk 00:21:58]}
{[%emt 00:01:07]} Rg7 {[%clk 00:30:44]} {[%emt 00:00:30]} 27. Ne5 {[%clk
00:20:48]} {[%emt 00:01:35]} Qh5 {[%clk 00:30:08]} {[%emt 00:01:10]} 28. Nd3
{[%clk 00:18:52]} {[%emt 00:02:25]} c4 {[%clk 00:29:18]} {[%emt 00:01:22]} 29.
Nf4 {[%clk 00:18:55]} {[%emt 00:00:24]} Qf7 {[%clk 00:29:15]} {[%emt 00:00:36]}
30. Nd5 {[%clk 00:16:26]} {[%emt 00:02:54]} Nc5 {[%clk 00:28:54]} {[%emt
00:00:55]} 31. Nf4 {[%clk 00:12:42]} {[%emt 00:04:14]} Ne4 {[%clk 00:28:07]}
{[%emt 00:01:17]} 32. Bxe4 {[%clk 00:10:41]} {[%emt 00:02:32]} fxe4 {[%clk
00:28:20]} {[%emt 00:00:16]} 33. Rd5 {[%clk 00:10:23]} {[%emt 00:00:43]} h6
{[%clk 00:27:23]} {[%emt 00:01:32]} 34. Red1 {[%clk 00:10:17]} {[%emt
00:00:35]} Qe7 {[%clk 00:27:10]} {[%emt 00:00:44]} 35. Ng6+ {[%clk 00:10:37]}
{[%emt 00:00:09]} Kh7 {[%clk 00:26:49]} {[%emt 00:00:51]} 36. Nxe7 {[%clk
00:11:03]} {[%emt 00:00:06]} Rxe7 {[%clk 00:27:03]} {[%emt 00:00:16]} 37. Rxd6
{[%clk 00:11:10]} {[%emt 00:00:22]} Rxd6 {[%clk 00:27:17]} {[%emt 00:00:16]}
38. Rxd6 {[%clk 00:11:35]} {[%emt 00:00:06]} c3 {[%clk 00:27:39]} {[%emt
00:00:08]} 39. Qxc3 {[%clk 00:11:52]} {[%emt 00:00:13]} h5 {[%clk 00:27:52]}
{[%emt 00:00:16]} 40. Qf6 {[%clk 00:12:10]} {[%emt 00:00:08]} Rc7 {[%clk
00:27:39]} {[%emt 00:00:48]} 41. Qg6+ {[%clk 00:12:27]} {[%emt 00:00:12]} Kh8
{[%clk 00:27:55]} {[%emt 00:00:14]} 42. Rd8# {[%emt 00:00:03]} 1-0

[Event "DEM U14w 2024"]
[Site "Willingen GER"]
[Date "2024.05.22"]
[Round "6"]
[White "Dedic, Sajra"]
[Black "Vogt, Luna"]
[Result "0-1"]
[Termination "normal"]
[Board "10"]
[WhiteElo "1555"]
[BlackElo "1666"]
[WhiteClock "00:29:58"]
[BlackClock "00:54:38"]
[PlyCount "30"]
[WhiteFideId "14422794"]
[BlackFideId "34607153"]
[EventCountry "GER"]
[EventRounds "9"]
[EventType "swiss"]
[EventDate "2024.05.18"]

1. d4 {[%clk 01:30:58]} {[%emt 00:00:02]} Nf6 {[%clk 01:30:52]} {[%emt
00:00:08]} 2. Nc3 {[%clk 01:31:14]} {[%emt 00:00:14]} c5 {[%clk 01:30:32]}
{[%emt 00:00:49]} 3. Nf3 {[%clk 01:29:44]} {[%emt 00:02:01]} cxd4 {[%clk
01:30:24]} {[%emt 00:00:38]} 4. Nxd4 {[%clk 01:30:05]} {[%emt 00:00:09]} e5
{[%clk 01:29:55]} {[%emt 00:00:59]} 5. Nf3 {[%clk 01:23:15]} {[%emt 00:07:20]}
Nc6 {[%clk 01:28:41]} {[%emt 00:01:45]} 6. b3 {[%clk 01:10:31]} {[%emt
00:13:13]} d5 {[%clk 01:24:36]} {[%emt 00:04:34]} 7. a3 {[%clk 00:57:52]}
{[%emt 00:13:11]} d4 {[%clk 01:22:39]} {[%emt 00:02:26]} 8. Na4 {[%clk
00:56:46]} {[%emt 00:01:36]} b5 {[%clk 01:07:04]} {[%emt 00:16:04]} 9. Nb2
{[%clk 00:57:04]} {[%emt 00:00:13]} Nd5 {[%clk 01:04:53]} {[%emt 00:02:41]} 10.
Bd2 {[%clk 00:45:45]} {[%emt 00:11:49]} e4 {[%clk 01:01:38]} {[%emt 00:03:45]}
11. Ng1 {[%clk 00:44:08]} {[%emt 00:02:07]} e3 {[%clk 01:01:00]} {[%emt
00:01:07]} 12. fxe3 {[%clk 00:43:19]} {[%emt 00:01:20]} dxe3 {[%clk 01:01:20]}
{[%emt 00:00:10]} 13. Bc1 {[%clk 00:43:11]} {[%emt 00:00:38]} Qf6 {[%clk
00:54:44]} {[%emt 00:07:05]} 14. Nf3 {[%clk 00:29:50]} {[%emt 00:13:51]} Qc3+
{[%clk 00:54:54]} {[%emt 00:00:20]} 15. Nd2 {[%clk 00:29:58]} {[%emt 00:00:22]}
Nd4 {[%clk 00:54:38]} {[%emt 00:00:47]} 0-1

[Event "DEM U14w 2024"]
[Site "Willingen GER"]
[Date "2024.05.22"]
[Round "6"]
[White "Richter, Anastasia"]
[Black "Eitel, Liz"]
[Result "1-0"]
[Termination "normal"]
[Board "11"]
[WhiteElo "1562"]
[BlackElo "1602"]
[WhiteClock "00:17:34"]
[BlackClock "01:13:04"]
[PlyCount "73"]
[WhiteFideId "34659099"]
[BlackFideId "34622195"]
[EventCountry "GER"]
[EventRounds "9"]
[EventType "swiss"]
[EventDate "2024.05.18"]

1. e4 {[%clk 01:30:59]} e5 {[%clk 01:30:56]} {[%emt 00:00:05]} 2. Nf3 {[%clk
01:31:25]} {[%emt 00:00:04]} Nc6 {[%clk 01:31:22]} {[%emt 00:00:04]} 3. d4
{[%clk 01:31:51]} {[%emt 00:00:04]} exd4 {[%clk 01:31:41]} {[%emt 00:00:10]} 4.
Bc4 {[%clk 01:32:16]} {[%emt 00:00:05]} Nf6 {[%clk 01:31:51]} {[%emt 00:00:21]}
5. e5 {[%clk 01:32:40]} {[%emt 00:00:06]} d5 {[%clk 01:32:15]} {[%emt
00:00:06]} 6. Bb5 {[%clk 01:33:06]} {[%emt 00:00:04]} Ne4 {[%clk 01:32:32]}
{[%emt 00:00:13]} 7. Nxd4 {[%clk 01:33:27]} {[%emt 00:00:08]} Bd7 {[%clk
01:32:35]} {[%emt 00:00:27]} 8. Bxc6 {[%clk 01:33:47]} {[%emt 00:00:10]} bxc6
{[%clk 01:32:55]} {[%emt 00:00:10]} 9. O-O {[%clk 01:34:10]} {[%emt 00:00:07]}
Bc5 {[%clk 01:31:28]} {[%emt 00:01:57]} 10. f3 {[%clk 01:34:35]} {[%emt
00:00:05]} Ng5 {[%clk 01:31:13]} {[%emt 00:00:45]} 11. f4 {[%clk 01:35:00]}
{[%emt 00:00:05]} Ne6 {[%clk 01:31:30]} {[%emt 00:00:14]} 12. Be3 {[%clk
01:34:17]} {[%emt 00:01:12]} O-O {[%clk 01:26:47]} {[%emt 00:05:13]} 13. Qd2
{[%clk 01:27:44]} {[%emt 00:07:01]} f6 {[%clk 01:24:19]} {[%emt 00:03:01]} 14.
f5 {[%clk 01:10:45]} {[%emt 00:17:27]} fxe5 {[%clk 01:23:38]} {[%emt 00:01:12]}
15. Nxe6 {[%clk 01:09:46]} {[%emt 00:01:29]} Bxe3+ {[%clk 01:23:44]} {[%emt
00:00:24]} 16. Qxe3 {[%clk 01:10:07]} {[%emt 00:00:08]} Bxe6 {[%clk 01:23:11]}
{[%emt 00:01:04]} 17. fxe6 {[%clk 01:10:23]} {[%emt 00:00:14]} Rxf1+ {[%clk
01:23:23]} {[%emt 00:00:19]} 18. Kxf1 {[%clk 01:10:41]} {[%emt 00:00:10]} Qf6+
{[%clk 01:23:34]} {[%emt 00:00:19]} 19. Ke2 {[%clk 01:07:22]} {[%emt 00:03:48]}
Qxe6 {[%clk 01:22:52]} {[%emt 00:01:14]} 20. Nd2 {[%clk 01:04:41]} {[%emt
00:03:08]} e4 {[%clk 01:22:29]} {[%emt 00:00:56]} 21. Qh3 {[%clk 00:59:21]}
{[%emt 00:05:47]} Qe5 {[%clk 01:18:58]} {[%emt 00:04:04]} 22. Rf1 {[%clk
00:56:26]} {[%emt 00:03:22]} Qxb2 {[%clk 01:18:24]} {[%emt 00:01:06]} 23. Qe6+
{[%clk 00:55:58]} {[%emt 00:00:58]} Kh8 {[%clk 01:18:33]} {[%emt 00:00:23]} 24.
Qxc6 {[%clk 00:53:57]} {[%emt 00:02:28]} Rd8 {[%clk 01:18:14]} {[%emt
00:00:52]} 25. Qxc7 {[%clk 00:43:17]} {[%emt 00:11:03]} Qb5+ {[%clk 01:18:41]}
{[%emt 00:00:10]} 26. c4 {[%clk 00:39:02]} {[%emt 00:04:40]} Qe8 {[%clk
01:17:42]} {[%emt 00:01:33]} 27. Rf7 {[%clk 00:31:02]} {[%emt 00:08:28]} Rc8
{[%clk 01:17:06]} {[%emt 00:01:08]} 28. Qxa7 {[%clk 00:29:22]} {[%emt
00:02:10]} dxc4 {[%clk 01:16:54]} {[%emt 00:00:41]} 29. Qd7 {[%clk 00:22:55]}
{[%emt 00:06:54]} Qxd7 {[%clk 01:16:44]} {[%emt 00:00:44]} 30. Rxd7 {[%clk
00:23:23]} {[%emt 00:00:02]} c3 {[%clk 01:16:56]} {[%emt 00:00:17]} 31. Nb3
{[%clk 00:23:31]} {[%emt 00:00:18]} c2 {[%clk 01:17:04]} {[%emt 00:00:27]} 32.
Re7 {[%clk 00:21:33]} {[%emt 00:02:25]} Kg8 {[%clk 01:17:11]} {[%emt 00:00:26]}
33. Nc1 {[%clk 00:19:06]} {[%emt 00:02:56]} Rd8 {[%clk 01:15:55]} {[%emt
00:01:47]} 34. Rc7 {[%clk 00:19:06]} {[%emt 00:00:26]} Rd5 {[%clk 01:12:37]}
{[%emt 00:03:51]} 35. Rxc2 {[%clk 00:19:03]} {[%emt 00:00:33]} Kf7 {[%clk
01:12:58]} {[%emt 00:00:10]} 36. Ke3 {[%clk 00:18:55]} {[%emt 00:00:36]} Kf6
{[%clk 01:13:04]} {[%emt 00:00:25]} 37. Kxe4 {[%clk 00:17:34]} {[%emt
00:01:47]} 1-0